| 000 | 00982nam a22002897a 4500 | ||
|---|---|---|---|
| 001 | 17931 | ||
| 003 | CO-MdFUSB | ||
| 005 | 20170602120024.0 | ||
| 008 | 170602t2011 s ||||| |||| 00| 0 s d | ||
| 020 | _a978-84-301-1774-1 | ||
| 040 |
_aCO-MdFUSB _bspa _cCO-MdFUSB _dCO-MdFUSBC _erda |
||
| 041 | _aspa | ||
| 082 | 0 | 4 | _aG 221.04 G7486c |
| 100 | 1 |
_aGranados García, Carlos 1974- _eautor |
|
| 245 | 1 | 3 |
_aEl camino de la ley _b : del Antiguo al Nuevo Testamento _c/ Carlos Granados García |
| 264 | 4 |
_aSalamanca : _b Sígueme, _c©2011 |
|
| 300 | _a174 p. 19 cm | ||
| 336 |
_2rdacontent _a1 _ba1 |
||
| 337 |
_2rdamedia _a2 _b5 |
||
| 338 |
_2rdacarrier _a2 _b5 |
||
| 505 | 0 | 0 | _aCreación : fundamentación de la fe -- El camino de la ley en Israel -- La ley nueva en cristo Jesús -- La fuerza de la ley y la ley del Espíritu |
| 650 | 7 |
_aLibertad religiosa _9287 |
|
| 650 | 7 |
_aDerecho judío _9334 |
|
| 653 | _aBiblia A.T. - Ley | ||
| 653 | _aBiblia N.T. - Ley | ||
| 942 | _cBK | ||
| 999 |
_c44425 _d44425 |
||